FC 24 TOTS Live - Statistics

General Stats
  • This quiz has been taken 23 times
    21 since last reset
  • The average score is 16 of 33
Answer Stats
TOTS rat pos club Answer % Correct
TOTS Live 96 CM Real Madrid Luka Modrić
100%
TOTS Live 94 CAM Manchester United Bruno Fernandes
88%
TOTS Live 92 CB Tottenham Hotspur Cristian Romero
81%
TOTS Live 93 RB Marseille Jonathan Clauss
81%
TOTS Live 93 RW FC Barcelona Raphinha
75%
TOTS Live 94 LW Manchester City Jeremy Doku
69%
TOTS Live 93 RB Real Madrid Lucas Vázquez
69%
TOTS Live 91 CM Aston Villa John McGinn
63%
TOTS Live 94 CM Arsenal Kai Havertz
63%
TOTS Live 91 CB Benfica Nicolas Otamendi
63%
TOTS Live 92 CB Bayer Leverkusen Piero Hincapié
63%
TOTS Live 93 CAM AC Milan Ruben Loftus-Cheek
63%
TOTS Live 90 LB Fulham Antonee Robinson
56%
TOTS Live 92 CM Liverpool Dominik Szoboszlai
56%
TOTS Live 90 CM Real Sociedad Mikel Merino
56%
TOTS Live 92 RM West Ham Mohammed Kudus
56%
TOTS Live 94 CAM Atlético Feminino Leicy Santos
50%
TOTS Live 93 LW Galatasaray Wilfried Zaha
50%
TOTS Live 93 CB Inter Milan Yann Aurel Bisseck
50%
TOTS Live 93 ST Chelsea Women Mayra Ramírez
38%
TOTS Live 89 CDM Coventry City Ben Sheaf
31%
TOTS Live 89 CF RC Lens David Costa
31%
TOTS Live 90 ST Brighton Women Elisabeth Terland
31%
TOTS Live 92 CM Al-Ahli Gabri Veiga
31%
TOTS Live 93 CB Man City Women Laia Aleixandri
31%
TOTS Live 91 ST Hoffenheim Maximilian Beier
31%
TOTS Live 88 ST Arouca Rafa Mújica
31%
TOTS Live 92 RB PSV Eindhoven Jordan Teze
25%
TOTS Live 91 LW Portland Thorns Morgan Weaver
25%
TOTS Live 93 LM Al-Ahli Allan Saint-Maximan
19%
TOTS Live 88 RW Hoffeinheim Frauen Mara Alber
13%
TOTS Live 91 ST Orlando Pride Adriana
6%
TOTS Live 90 LB Metz Matthieu Udol
6%
No matching quizzes found
Score Distribution
Percent of People with Each Score
Percentile by Number Answered
Your Score History
You have not taken this quiz since the last reset